000 00259nam a2200109Ia 4500
008 190914s9999||||xx |||||||||||||| ||und||
100 _aThomas R
245 0 _aInternet Business Models
260 _aNew Delhi
_bBantam Books
_c2010
300 _a672
942 _cBK
999 _c9184
_d9184